000 00569nam a2200229Ia 4500
003 OSt
005 20220928115247.0
006 a|||||r|||| 00| 0
007 ta
008 220927b |||||||| |||| 00| 0 eng d
024 _a64181
037 _cTextual
040 _aSDCL
_cSDCL
_beng
041 _2eng
_aeng
082 _aZ8wN03, M0
100 _aMarr David
_9443554
245 0 _aBarwick
260 _aSydney
_bGeorge Allen & Unwin
_c1980
300 _ax;330p.
_ccm.
942 _hZ8wN03, M0
_cTEXL
_2CC
999 _c758692
_d758692